Central Library OPAC University of Rajshahi

Filler metals for joining / (Record no. 16768)

MARC details
000 -LEADER
fixed length control field 00785nam a22002772 4500
001 - CONTROL NUMBER
control field 16768
003 - CONTROL NUMBER IDENTIFIER
rucl marc code BD-RJUL
005 - DATE AND TIME OF LATEST TRANSACTION
control field 20211209000040.0
008 - FIXED-LENGTH DATA ELEMENTS--GENERAL INFORMATION
fixed length control field 140215s1959 xx a 001 0 eng d
035 ## - SYSTEM CONTROL NUMBER
System control number OCLC ocm01533123 from D970715M
-- (BD-RJUL)16823
040 ## - CATALOGING SOURCE
Original cataloging agency WSU
Transcribing agency WSU
Modifying agency UKM
-- BD-RJUL
Language of cataloging eng
041 ## - LANGUAGE CODE
Language code of text/sound track or separate title eng
082 ## - DEWEY DECIMAL CLASSIFICATION NUMBER
Classification number 671.5
Author mark and year BAF 1959
100 1# - MAIN ENTRY--PERSONAL NAME
Personal name Barnett, Orville T.
9 (RLIN) 51784
245 10 - TITLE STATEMENT
Title Filler metals for joining /
260 ## - PUBLICATION, DISTRIBUTION, ETC. (IMPRINT)
Place of publication, distribution, etc. New York :
Name of publisher, distributor, etc. Reinhold Pub. Corp.,
Date of publication, distribution, etc. c1959.
300 ## - PHYSICAL DESCRIPTION
Pagination xi,244 p. :
Size 24 cm.
Illustrations illus. ;
490 0# - SERIES STATEMENT
Series statement Reinhold reference books
500 ## - GENERAL NOTE
General note includes index.
650 #0 - SUBJECT ADDED ENTRY--TOPICAL TERM
Topical term or geographic name as entry element Welding.
9 (RLIN) 51592
Topical term or geographic name as entry element Brazing.
9 (RLIN) 51619
Topical term or geographic name as entry element Solder and soldering.
9 (RLIN) 51620
942 ## - ADDED ENTRY ELEMENTS (KOHA)
Source of classification or shelving scheme Dewey Decimal Classification
Koha item type Books
Holdings
Lost status Source of classification or shelving scheme Damaged status Not for loan Collection code Permanent Location Current Location Shelving location Date acquired Source of acquisition Cost, normal purchase price Total Checkouts Full call number Date last seen Copy number Koha item type
  Dewey Decimal Classification   Not For Loan Non-fiction Central Library, University of Rajshahi Central Library, University of Rajshahi Reading Room 17/01/1987 Book Centre 44.80   671.5 BAF 1959 15/02/2014 C-1 Books